<?xml version="1.0" encoding="UTF-8"?><?xml-stylesheet type="text/xsl" href="static/style.xsl"?><OAI-PMH xmlns="http://www.openarchives.org/OAI/2.0/" xmlns:xsi="http://www.w3.org/2001/XMLSchema-instance" xsi:schemaLocation="http://www.openarchives.org/OAI/2.0/ http://www.openarchives.org/OAI/2.0/OAI-PMH.xsd"><responseDate>2026-06-02T12:29:34Z</responseDate><request verb="GetRecord" identifier="oai:riuma.uma.es:10630/7924" metadataPrefix="marc">https://riuma.uma.es/rest/oai/request</request><GetRecord><record><header><identifier>oai:riuma.uma.es:10630/7924</identifier><datestamp>2026-02-03T12:55:35Z</datestamp><setSpec>com_10630_4717</setSpec><setSpec>com_10630_3139</setSpec><setSpec>com_10630_10</setSpec><setSpec>col_10630_7899</setSpec></header><metadata><record xmlns="http://www.loc.gov/MARC21/slim" xmlns:dcterms="http://purl.org/dc/terms/" xmlns:doc="http://www.lyncode.com/xoai" xmlns:xsi="http://www.w3.org/2001/XMLSchema-instance" xsi:schemaLocation="http://www.loc.gov/MARC21/slim http://www.loc.gov/standards/marcxml/schema/MARC21slim.xsd">
   <leader>00925njm 22002777a 4500</leader>
   <datafield ind2=" " ind1=" " tag="042">
      <subfield code="a">dc</subfield>
   </datafield>
   <datafield ind2=" " ind1=" " tag="720">
      <subfield code="a">Strauck Franco, María Antonieta</subfield>
      <subfield code="e">author</subfield>
   </datafield>
   <datafield ind2=" " ind1=" " tag="720">
      <subfield code="a">Guillén Arruda, Claudia</subfield>
      <subfield code="e">author</subfield>
   </datafield>
   <datafield ind2=" " ind1=" " tag="260">
      <subfield code="c">2014-05-30</subfield>
   </datafield>
   <datafield ind2=" " ind1=" " tag="520">
      <subfield code="a">La concepción estratégica de la comunicación es un planteamiento en constante evolución,&#xd;
que de acuerdo al tipo de organización adquiere matices particulares. La presente&#xd;
investigación describe la gestión de la comunicación de 49 gobiernos locales de la Provincia&#xd;
de Lima y de la Provincia Constitucional del Callao en Perú, analizada desde la perspectiva&#xd;
estratégica, a partir de la revisión de los documentos oficiales que establecen las políticas&#xd;
institucionales de estos gobiernos y de las apreciaciones de fuentes directas. El contexto es&#xd;
estudiado teniendo en cuenta que estas organizaciones, al ser instituciones públicas, se&#xd;
encuentran sujetas a condiciones específicas, por lo cual definen la dimensión comunicativa&#xd;
apoyándose en el trazado de metas y objetivos orientados a fomentar las buenas relaciones&#xd;
con los diversos públicos, con la visión de garantizar la transparencia y el acceso a la&#xd;
información de los ciudadanos; contexto en el cual las políticas y lineamientos&#xd;
organizacionales, así como el desempeño y las atribuciones de los principales encargados de&#xd;
gestionar las áreas de comunicación, cumplen un rol fundamental, por lo tanto, la gestión de&#xd;
la comunicación desde la estrategia requiere un planteamiento diferencial que finalmente&#xd;
determine que el proceso se desarrolle eficazmente. Este estudio arroja conclusiones que ayudan a comprender la situación actual y también a reconocer oportunidades de mejora en&#xd;
este escenario específico.</subfield>
   </datafield>
   <datafield ind1="8" ind2=" " tag="024">
      <subfield code="a">2174-3681</subfield>
   </datafield>
   <datafield ind1="8" ind2=" " tag="024">
      <subfield code="a">http://hdl.handle.net/10630/7924</subfield>
   </datafield>
   <datafield tag="653" ind2=" " ind1=" ">
      <subfield code="a">Administración municipal - Relaciones públicas</subfield>
   </datafield>
   <datafield ind2="0" ind1="0" tag="245">
      <subfield code="a">La gestión de la comunicación en los gobiernos locales, una mirada desde la perspectiva estratégica: análisis del caso peruano</subfield>
   </datafield>
</record>
</metadata></record></GetRecord></OAI-PMH>